书目信息 |
| 题名: |
个人与团队管理
|
|
| 作者: | 霍尔姆斯 , 利奇 著 ;天向互动教育中心 编译 | |
| 分册: | 上册 | |
| 出版信息: | 北京 清华大学出版社 2025.01 |
|
| 页数: | 14,221页 | |
| 开本: | 23cm | |
| 丛书名: | ||
| 单 册: | ||
| 中图分类: | F272.9 | |
| 科图分类: | ||
| 主题词: | 企业管理--组织管理学--教材 | |
| 电子资源: | ||
| ISBN: | 978-7-302-67776-5 | |
| 000 | 01079nam0 2200277 450 | |
| 001 | 013070874 | |
| 005 | 20251022173318.10 | |
| 010 | @a978-7-302-67776-5@dCNY32.00 | |
| 100 | @a20250214d2025 em y0chiy0120 ea | |
| 101 | 1 | @achi@ceng |
| 102 | @aCN@b110000 | |
| 105 | @ay z 000yy | |
| 106 | @ar | |
| 200 | 1 | @a个人与团队管理@9ge ren yu tuan dui guan li@h上册@f(英)卡伦·霍勒姆斯(Karen Holems),(英)科里恩·里奇(Corinne Leech)等著@g天向互动教育中心编译 |
| 205 | @a5版 | |
| 210 | @a北京@c清华大学出版社@c国家开放大学出版社@d2025.01 | |
| 215 | @a14,221页@d23cm | |
| 300 | @a通用管理能力指定培训教材 | |
| 330 | @a本书讲述了自我管理的工具和方法。全书共五个单元,内容包括:自我规划、时间管理、沟通基础、工作沟通、融入组织。 | |
| 606 | 0 | @a企业管理@x组织管理学@j教材 |
| 690 | @aF272.9@v5 | |
| 701 | 0 | @c(英)@a霍尔姆斯@9huo er mu si@c(Holems, Karen)@4著 |
| 701 | 0 | @c(英)@a利奇@9li qi@c(Leech, Corinne)@4著 |
| 712 | 02 | @a天向互动教育中心@9tian xiang hu dong jiao yu zhong xin@4编译 |
| 801 | 0 | @aCN@c20250910 |
| 905 | @a河南城建学院图书馆@dF272.9@eH965:1=5@ZH965:1=5@f1 | |
| 个人与团队管理.上册/(英)卡伦·霍勒姆斯(Karen Holems),(英)科里恩·里奇(Corinne Leech)等著/天向互动教育中心编译.-5版.-北京:清华大学出版社:国家开放大学出版社,2025.01 |
| 14,221页;23cm |
| 通用管理能力指定培训教材 |
| ISBN 978-7-302-67776-5:CNY32.00 |
| 本书讲述了自我管理的工具和方法。全书共五个单元,内容包括:自我规划、时间管理、沟通基础、工作沟通、融入组织。 |
| ● |
| 相关链接 |
|
|
|
正题名:个人与团队管理
索取号:F272.9/H965:1=5
 
预约/预借
| 序号 | 登录号 | 条形码 | 馆藏地/架位号 | 状态 | 备注 |
| 1 | 1634873 | 216348735 | 社科库409/409社科库 88排3列1层/ [索取号:F272.9/H965:1=5] | 在馆 |